Thực trạng việc học lập trình ở trường THPT. Một số biện pháp để nâng cao kĩ năng lập trình của học sinh lớp 11 trong chương trình học tập bộ môn tin học

Tìm hiểu về tình hình dạy và học môn Tin học lớp 11. - Nghiên cứu và áp dụng một số quan điểm dạy học lập trình hiện đại vào dạy một số phần lí thuyết và bài tập Tin học lớp 11. Một số giáo án áp dụng phương pháp dạy học lập trình hiện đại. Đưa ra các giải pháp dạy học lập trình....

Cur síos iomlán

Đã lưu trong:
Sonraí Bibleagrafaíochta
Príomhúdar: Trần Thùy Dương
Údair Eile: Lê Viết Chung (Hướng dẫn)
Formáid: Leabhar
Foilsithe: Đà Nẵng Đại học Sư phạm, Đại học Đà Nẵng 2012
Ábhair:
Clibeanna: Cuir Clib Leis
Gan Chlibeanna, Bí ar an gcéad duine leis an taifead seo a chlibeáil!
Thư viện lưu trữ: Mạng thư viện Đại học Đà Nẵng
LEADER 02017nam a2200337 4500
001 000017292
003 13708
005 20130328080324.0
008 130328s2012 sd
082 |a 004.07  |b TR-D 
100 1 |a Trần Thùy Dương 
245 |a Thực trạng việc học lập trình ở trường THPT. Một số biện pháp để nâng cao kĩ năng lập trình của học sinh lớp 11 trong chương trình học tập bộ môn tin học  |c Trần Thùy Dương ; Lê Viết Chung hướng dẫn  |k Khóa luận tốt nghiệp 
260 |a Đà Nẵng  |b Đại học Sư phạm, Đại học Đà Nẵng  |c 2012 
300 |a 78 tr.  |c 29 cm.  |e Đĩa CD, bản tóm tắt 
500 |a Khóa luận tốt nghiệp đại học. Chuyên ngành: Sư phạm Tin 
504 |a Mục lục đầu trang, tài liệu tham khảo tr. 73 - 74, phụ lục [13 tr.] 
520 |a Tìm hiểu về tình hình dạy và học môn Tin học lớp 11. - Nghiên cứu và áp dụng một số quan điểm dạy học lập trình hiện đại vào dạy một số phần lí thuyết và bài tập Tin học lớp 11. Một số giáo án áp dụng phương pháp dạy học lập trình hiện đại. Đưa ra các giải pháp dạy học lập trình. 
600 1 4 |b Vua  |c Đinh Tiên Hoàng 
650 0 4 |a Lập trình  |a Giáo dục THPT  |v Khóa luận tốt nghiệp  |x Nghiên cứu  |z Đà Nẵng 
653 |a Khoa Tin  |a Giáo dục THPT  |a Lập trình  |a Tin học lớp 11 
700 |a Lê Viết Chung  |e Hướng dẫn 
OWN |a LSP 
AVA |a UDN50  |b LSP  |d 004.07 TR-D  |e available  |t Error 5001 Not defined in file expand_doc_bib_avail.  |f 1  |g 0  |h N  |i 0  |k 1 
999 |a From the UDN01 
AVA |a UDN50  |b LSP  |d 004.07 TR-D  |e available  |t Error 5001 Not defined in file expand_doc_bib_avail.  |f 1  |g 0  |h N  |i 0  |k 1 
TYP |a Monograph 
TYP |a Printed language 
980 |a Mạng thư viện Đại học Đà Nẵng